5HLuxD.jpg

KING HENRY VIII SENIOR AND PRIMARY SCHOOL LIBRARY OPAC

Blood brothers / (Record no. 2965)

000 -LEADER
fixed length control field 00862 am a2200277ua 4500
001 - CONTROL NUMBER
control field 011964642
003 - CONTROL NUMBER IDENTIFIER
control field OSt
005 - DATE AND TIME OF LATEST TRANSACTION
control field 20230913151910.0
008 - FIXED-LENGTH DATA ELEMENTS--GENERAL INFORMATION
fixed length control field 020128s2001 enk || 000 d|eng
015 ## - NATIONAL BIBLIOGRAPHY NUMBER
National bibliography number GBA208582
Source bnb
020 ## - INTERNATIONAL STANDARD BOOK NUMBER
International Standard Book Number 0413767701 (pbk.)
020 ## - INTERNATIONAL STANDARD BOOK NUMBER
International Standard Book Number 9780413767707
039 0# - LEVEL OF BIBLIOGRAPHIC CONTROL AND CODING DETAIL [OBSOLETE]
Level of rules in bibliographic description 2677
040 ## - CATALOGING SOURCE
Original cataloging agency Uk
Transcribing agency Uk
Modifying agency KH8
082 04 - DEWEY DECIMAL CLASSIFICATION NUMBER
Classification number 822.914 RUS
Edition number 21
100 1# - MAIN ENTRY--PERSONAL NAME
Personal name Russell, Willy,
Relator term author.
245 10 - TITLE STATEMENT
Title Blood brothers /
Statement of responsibility, etc. Willy Russell.
260 ## - PUBLICATION, DISTRIBUTION, ETC.
Place of publication, distribution, etc. London :
Name of publisher, distributor, etc. Methuen Drama,
Date of publication, distribution, etc. 2001, c1985.
300 ## - PHYSICAL DESCRIPTION
Extent viii, 101 p. ;
Dimensions 20 cm.
336 ## - CONTENT TYPE
Content type term text
Source rdacontent
337 ## - MEDIA TYPE
Media type term unmediated
Source rdamedia
338 ## - CARRIER TYPE
Carrier type term volume
Source rdacarrier
500 ## - GENERAL NOTE
General note Originally published in: Educating Rita, Stags and hens and Blood brothers. London : Methuen, 1985.
700 1# - ADDED ENTRY--PERSONAL NAME
Personal name Russell, Willy.
Title of a work Educating Rita, Stags and hens and Blood brothers.
942 ## - ADDED ENTRY ELEMENTS (KOHA)
Source of classification or shelving scheme
Koha item type Teaching Resources
Holdings
Withdrawn status Lost status Source of classification or shelving scheme Damaged status Not for loan Collection code Permanent Location Current Location Shelving location Date acquired Full call number Barcode Date last seen Price effective from Koha item type
          Teaching Resources KH8 Senior School Library KH8 Senior School Library Staff Office 2023-09-13 822.914 RUS TRKHSL003117 2023-09-13 2023-09-13 Teaching Resources
          Teaching Resources KH8 Senior School Library KH8 Senior School Library Staff Office 2023-09-14 822.914 RUS TRKHSL003200 2023-09-14 2023-09-14 Teaching Resources

Powered By KH8 IT Dept